00835cam a2200193 a 450000100100000000500170001000800410002704000250006805000200009308200110011310000390012424501170016326001220028030000280040250400320043060000500046295201140051299900150062600000750720200929154207.0831201s1972 mx a 000 0 spa d aDO-SdBNPbspacBNPHU00aF1233.M4696bM4 axxbxx1 aMendieta Alatorre, Angeles.92084510aMargarita Maza de Juarez :bepistolario, antología, iconografía e efemérides /cAngeles Mendieta Alatorre. aMéxico :bComision Nacional para la Conmemoración del Centenario del Fallecimiento de Don Benito Juárez,c1972. a238 p. :bil. ;c20 cm. aBibliografía : 235-238 p.10aMaza de Juarez, Margarita,d1826-1871.920846 001054708MOaGRbGRcCTd2009-09-08iLF1l0oxx xxp7507-10r2020-06-25w2020-06-25y4ZPréstamo en sala c7288d7288